| 000 | 00354nam a2200133Ia 4500 | ||
|---|---|---|---|
| 008 | 240624s9999 xx 000 0 und d | ||
| 041 | _aeng | ||
| 082 | _a153.69 FUR | ||
| 100 | _aFURNHAM ADRIAN | ||
| 245 | _aBODY LANGUAGE IN BUSINESS DECODING THE S | ||
| 260 |
_c2010 _aNew York _bPalgrave Macmillan |
||
| 300 | _axi, 217 p.; 24 cm. | ||
| 365 |
_cERU _b38 |
||
| 999 |
_c29003 _d29003 |
||